Экономика и организация управления вузом: учебник для вузов
| 第一著者: | |
|---|---|
| その他の著者: | , |
| 要約: | В учебнике рассматривается вуз как система управления, излагаются основные вопросы экономики и организации его деятельности: структура, принципы, задачи, особенности управления. Дается описание функциональных обязанностей руководителей и управленческих подразделений. В работе рассматриваются экономические особенности существования государственных высших учебных заведений, их роль в экономике страны. Уточняется используемая экономическая терминология. Систематизируются принципы управления финансами в вузе. Описываются элементы бюджета вуза, состав оперативных финансовых решений, отдельные управленческие экономические решения. Учебник предназначен для студентов специальности «Менеджмент в социальной сфере», изучающих экономику государственной сферы услуг или экономику и управление образованием, а также для руководителей и управленческих работников вузов. |
| 言語: | ロシア語 |
| 出版事項: |
СПб., Лань, 2004
|
| 版: | 3-е изд., испр. и доп. |
| シリーズ: | Серия книг по экономическим наукам Экономика Учебники для вузов. Специальная литература |
| 主題: | |
| フォーマット: | MixedMaterials 図書 |
| KOHA link: | https://koha.lib.tpu.ru/cgi-bin/koha/opac-detail.pl?biblionumber=105746 |
MARC
| LEADER | 00000nam0a2200000 4500 | ||
|---|---|---|---|
| 001 | 105746 | ||
| 005 | 20231031114615.0 | ||
| 010 | |a 5811403631 | ||
| 035 | |a (RuTPU)RU\TPU\book\114106 | ||
| 090 | |a 105746 | ||
| 100 | |a 20061121d2004 m y0rusy50 ca | ||
| 101 | 0 | |a rus | |
| 102 | |a RU | ||
| 105 | |a y j 001zy | ||
| 200 | 1 | |a Экономика и организация управления вузом |e учебник для вузов |f Ю. С. Васильев, В. В. Глухов, М. П. Федоров |g под ред. В. В. Глухова | |
| 205 | |a 3-е изд., испр. и доп. | ||
| 210 | |a СПб. |c Лань |d 2004 | ||
| 215 | |a 608 с. | ||
| 225 | 1 | |a Серия книг по экономическим наукам | |
| 225 | 1 | |a Экономика | |
| 225 | 1 | |a Учебники для вузов. Специальная литература | |
| 320 | |a Глоссарий: с. 586-593. | ||
| 330 | |a В учебнике рассматривается вуз как система управления, излагаются основные вопросы экономики и организации его деятельности: структура, принципы, задачи, особенности управления. Дается описание функциональных обязанностей руководителей и управленческих подразделений. В работе рассматриваются экономические особенности существования государственных высших учебных заведений, их роль в экономике страны. Уточняется используемая экономическая терминология. Систематизируются принципы управления финансами в вузе. Описываются элементы бюджета вуза, состав оперативных финансовых решений, отдельные управленческие экономические решения. Учебник предназначен для студентов специальности «Менеджмент в социальной сфере», изучающих экономику государственной сферы услуг или экономику и управление образованием, а также для руководителей и управленческих работников вузов. | ||
| 610 | 1 | |a высшее образование | |
| 610 | 1 | |a вузы | |
| 610 | 1 | |a организация | |
| 610 | 1 | |a управление | |
| 610 | 1 | |a права | |
| 610 | 1 | |a деятельность | |
| 610 | 1 | |a оценка | |
| 610 | 1 | |a законодательная база | |
| 610 | 1 | |a исполнительные органы | |
| 610 | 1 | |a руководство | |
| 610 | 1 | |a структурные подразделения | |
| 610 | 1 | |a коллегиальные органы | |
| 610 | 1 | |a бюджет | |
| 610 | 1 | |a финансы | |
| 610 | 1 | |a финансовые потоки | |
| 610 | 1 | |a финансовое управление | |
| 610 | 1 | |a персонал | |
| 610 | 1 | |a персонал-технологии | |
| 610 | 1 | |a выпускники | |
| 610 | 1 | |a подготовка | |
| 610 | 1 | |a качество | |
| 610 | 1 | |a абитуриенты | |
| 610 | 1 | |a набор | |
| 610 | 1 | |a обучение | |
| 610 | 1 | |a технологии | |
| 610 | 1 | |a учебники | |
| 686 | |a Ч484(2)кя73 |v LBC/SL-A |2 rubbk | ||
| 700 | 1 | |a Васильев |b Ю. С. |g Юрий Сергеевич | |
| 701 | 1 | |a Глухов |b В. В. |g Владимир Викторович | |
| 701 | 1 | |a Федоров |b М. П. |g Михаил Павлович | |
| 702 | 1 | |a Глухов |b В. В. |g Владимир Викторович |4 340 | |
| 801 | 1 | |a RU |b 63413507 |c 20061121 |g PSBO | |
| 801 | 2 | |a RU |b 63413507 |c 20150817 |g PSBO | |
| 942 | |c BK | ||
| 959 | |a 96/20061120 |d 2 |e 150,48 |f АНЛ:1 |f НФ:1 | ||